[Event "XXXIII Memorial Edoardo Crespi B"]
[Site "Milano ITA"]
[Date "2012.12.08"]
[Round "5"]
[White "Ricci, Leonardo"]
[Black "Vece, Luigi"]
[WhiteElo "1540"]
[BlackElo "1674"]
[Result "1-0"]
[PlyCount "127"]
[EventDate "2012.12.05"]

1. e4 e5 2. Nf3 Nc6 3. Bc4 d6 4. d3 Be7 5. Nc3 Nf6 6. O-O Bg4 7. h3 Bh5 8. Be3
O-O 9. a3 Qd7 10. Qe2 Nd4 11. Bxd4 exd4 12. Nb1 c5 13. Nbd2 Kh8 14. Rfe1 b5 15.
Bb3 Qc7 16. c3 dxc3 17. bxc3 Nd7 18. Qe3 Qa5 19. d4 Bf6 20. a4 b4 21. Nc4 Qa6
22. Rad1 Bxf3 23. Qxf3 bxc3 24. Qxc3 Bxd4 25. Rxd4 cxd4 26. Qxd4 Rab8 27. Bd1
Rb4 28. Qxd6 Qxd6 29. Nxd6 Nc5 30. a5 Kg8 31. Bg4 g6 32. Rc1 Nxe4 33. Nxe4 Rxe4
34. Rc7 Ree8 35. a6 f5 36. Bf3 Re1+ 37. Kh2 Ra1 38. Rxa7 Re8 39. Bd5+ Kh8 40.
Bc4 Rc8 41. Bb5 Rcc1 42. Re7 f4 43. g4 Ra2 44. Kg2 Rca1 45. Kf3 g5 46. Bd3 Ra3
47. Rxh7+ Kg8 48. Rd7 Kf8 49. Ke4 Ke8 50. Rd5 Ra4+ 51. Kf5 R4a2 52. Kf6 Rxa6+
53. Bxa6 Rxa6+ 54. Kxg5 Ra2 55. f3 Rh2 56. h4 Ke7 57. h5 Rf2 58. Kxf4 Kf6 59.
Rd6+ Ke7 60. Rd3 Kf6 61. g5+ Kg7 62. Kf5 Rg2 63. Rd7+ Kh8 64. Kg6 1-0

[Event "XXXIII Memorial Edoardo Crespi B"]
[Site "Milano ITA"]
[Date "2012.12.08"]
[Round "5"]
[White "Ricciardi, Arcangelo"]
[Black "Mingolla, Patrizio"]
[WhiteElo "1691"]
[BlackElo "1654"]
[Result "1-0"]
[PlyCount "59"]
[EventDate "2012.12.05"]

1. e4 e5 2. Nf3 Nc6 3. Bc4 h6 4. Nc3 Nf6 5. d3 Bc5 6. a3 a6 7. b4 Bb6 8. Nd5
Ba7 9. O-O d6 10. c3 O-O 11. h3 Nxd5 12. Bxd5 Ne7 13. Ba2 Ng6 14. d4 Qf6 15.
Nh2 exd4 16. cxd4 Bxd4 17. Rb1 Be6 18. Bxe6 fxe6 19. Ng4 Bxf2+ 20. Rxf2 Qe7 21.
Rbb2 Qd7 22. e5 d5 23. Be3 b6 24. Qd3 Qe8 25. Rxf8+ Kxf8 26. Rf2+ Kg8 27. Bxh6
Nh4 28. Qg3 Ng6 29. h4 Qe7 30. Nf6+ 1-0

[Event "XXXIII Memorial Edoardo Crespi B"]
[Site "Milano ITA"]
[Date "2012.12.08"]
[Round "5"]
[White "Rosini, Luca Ungaro"]
[Black "Ceraulo, Carlo Alberto"]
[WhiteElo "1392"]
[BlackElo "1544"]
[Result "0-1"]
[PlyCount "54"]
[EventDate "2012.12.05"]

1. d4 d5 2. c4 dxc4 3. e4 e5 4. d5 Bb4+ 5. Nc3 b5 6. Nf3 Bg4 7. Be2 Nd7 8. O-O
a6 9. Bg5 f6 10. Bh4 Ne7 11. Nd2 Bxe2 12. Qxe2 Ng6 13. Bg3 O-O 14. a4 Bxc3 15.
bxc3 Qe7 16. axb5 axb5 17. f3 Nc5 18. Bf2 Nd3 19. Ra7 Rxa7 20. Bxa7 Ra8 21. Ra1
Rxa7 22. Rxa7 Qc5+ 23. Kh1 Qxa7 24. Nf1 Nf2+ 25. Kg1 Nxe4+ 26. Ne3 Nxc3 27. Qd2
Qd4 0-1

[Event "XXXIII Memorial Edoardo Crespi B"]
[Site "Milano ITA"]
[Date "2012.12.08"]
[Round "5"]
[White "Spada, Maurizio"]
[Black "Mauri, Agostino"]
[WhiteElo "1625"]
[BlackElo "1551"]
[Result "1/2-1/2"]
[PlyCount "84"]
[EventDate "2012.12.05"]

1. e4 c5 2. c3 Nf6 3. e5 Nd5 4. d4 cxd4 5. cxd4 e6 6. Nf3 Nc6 7. Bc4 Nb6 8. Bb3
d5 9. O-O Bd7 10. Nc3 Be7 11. Be3 Na5 12. Bc2 Nbc4 13. Bc1 b5 14. b3 Nb6 15.
Bd3 a6 16. Bd2 Nc6 17. Ne2 Nb4 18. Bb1 Rc8 19. Ng3 g6 20. a3 Nc6 21. Bh6 Na5
22. Bc2 Qc7 23. Ne1 Na8 24. b4 Nc4 25. Ra2 Nab6 26. Qc1 Rg8 27. Bg5 Qd8 28. Nf3
Na4 29. Bxe7 Qxe7 30. Bxa4 Nxe5 31. Qd1 Nxf3+ 32. Qxf3 bxa4 33. Raa1 Bb5 34.
Rfc1 Kd7 35. Rc5 Rc6 36. Re1 Rxc5 37. bxc5 Kc6 38. Ne2 g5 39. Nc3 Qd7 40. Qf6
g4 41. Re5 Rg6 42. Qh8 f5 1/2-1/2

[Event "XXXIII Memorial Edoardo Crespi B"]
[Site "Milano ITA"]
[Date "2012.12.08"]
[Round "5"]
[White "Spelta, Andrea"]
[Black "Ragoso, Mario"]
[WhiteElo "1744"]
[BlackElo "1656"]
[Result "1-0"]
[PlyCount "79"]
[EventDate "2012.12.05"]

1. e4 e5 2. Bc4 Nf6 3. d4 Nxe4 4. dxe5 Bc5 5. Qd5 Bxf2+ 6. Kf1 O-O 7. Qxe4 Bxg1
8. Kxg1 Nc6 9. Bd3 g6 10. Nd2 Re8 11. Nf3 d6 12. Bg5 Qd7 13. Bf6 dxe5 14. Qh4
Qe6 15. Re1 Bd7 16. Kf2 Qd6 17. h3 h6 18. g4 Re6 19. g5 h5 20. Kg2 Rae8 21. Bc4
e4 22. Nh2 Nb4 23. Bxe6 Rxe6 24. Qf2 Bc6 25. Qe2 e3+ 26. Nf3 h4 27. Rd1 Qg3+
28. Kf1 Re8 29. Rg1 Qxh3+ 30. Ke1 Bxf3 31. Qc4 Bxd1 32. Kxd1 Qf3+ 33. Kc1 Qe4
34. Qe2 Nd5 35. Re1 Nf4 36. Qh2 h3 37. Qg3 Nd5 38. Qxh3 Nxf6 39. gxf6 Re5 40.
Qh6 1-0

[Event "XXXIII Memorial Edoardo Crespi B"]
[Site "Milano ITA"]
[Date "2012.12.08"]
[Round "5"]
[White "Torelli, Mauro"]
[Black "Corti, Filippo"]
[WhiteElo "1728"]
[BlackElo "1649"]
[Result "1/2-1/2"]
[PlyCount "57"]
[EventDate "2012.12.05"]

1. d4 Nf6 2. Nf3 g6 3. Bf4 Bg7 4. e3 Nh5 5. Be5 f6 6. Bg3 Nxg3 7. hxg3 d5 8.
Nh4 c5 9. Nc3 c4 10. Qf3 Be6 11. O-O-O Qd7 12. Be2 g5 13. g4 gxh4 14. Rxh4 b5
15. Rdh1 h6 16. e4 dxe4 17. Qxe4 Nc6 18. d5 Rd8 19. Qxe6 Qxe6 20. dxe6 Nd4 21.
Re1 O-O 22. Bf3 Nxf3 23. gxf3 f5 24. Rd1 b4 25. gxf5 bxc3 26. Rg4 cxb2+ 27. Kb1
Rxf5 28. Rxg7+ Kh8 29. Rxd8+ 1/2-1/2

[Event "XXXIII Memorial Edoardo Crespi B"]
[Site "Milano ITA"]
[Date "2012.12.08"]
[Round "5"]
[White "Valdettaro, Filippo"]
[Black "Trent, Alan M."]
[WhiteElo "1708"]
[BlackElo "1706"]
[Result "1-0"]
[PlyCount "103"]
[EventDate "2012.12.05"]

1. e4 g6 2. d4 c6 3. Nf3 d5 4. Nc3 Bg7 5. h3 dxe4 6. Nxe4 Nf6 7. Bd3 Nbd7 8. c3
Nxe4 9. Bxe4 Nf6 10. Bc2 O-O 11. Bf4 Be6 12. O-O Nh5 13. Be5 Nf6 14. b3 Qd7 15.
Re1 Bh6 16. Nd2 Rae8 17. Ne4 Nh5 18. Nc5 Qc8 19. Nxe6 fxe6 20. b4 Nf6 21. Bb3
Nd5 22. Qd3 Bg7 23. a3 Bxe5 24. Rxe5 Rf6 25. c4 Nc7 26. Rae1 Rd8 27. R1e4 Kg7
28. Qe3 Qd7 29. c5 Kf8 30. g4 Nd5 31. Bxd5 cxd5 32. Rf4 Rxf4 33. Qxf4+ Kg7 34.
Qe3 Kf7 35. Qf4+ Kg7 36. Qe3 Kf7 37. Kg2 Rf8 38. Kg3 Rg8 39. g5 Rf8 40. f3 Qc7
41. Kg4 Rg8 42. h4 Rf8 43. h5 gxh5+ 44. Kxh5 Kg7 45. f4 Kf7 46. Rxe6 Qd7 47. f5
Qe8 48. g6+ hxg6+ 49. fxg6+ Kg8 50. Qh6 Rf7 51. gxf7+ Qxf7+ 52. Rg6+ 1-0

[Event "XXXIII Memorial Edoardo Crespi B"]
[Site "Milano ITA"]
[Date "2012.12.08"]
[Round "5"]
[White "Verderame, Alberto"]
[Black "Picasso, Marco Francesco"]
[WhiteElo "1421"]
[BlackElo "1520"]
[Result "1/2-1/2"]
[PlyCount "167"]
[EventDate "2012.12.05"]

1. d4 e6 2. c3 d5 3. e3 a6 4. Bd3 Nf6 5. Nf3 Nbd7 6. b3 c5 7. O-O Bd6 8. Bb2
O-O 9. c4 Re8 10. Ne5 cxd4 11. exd4 Bb4 12. a3 Ba5 13. b4 Bc7 14. Nd2 Nb6 15.
f4 Bd7 16. Qc2 Ba4 17. Qb1 dxc4 18. Ndxc4 Bb5 19. Rf3 Qd5 20. Ne3 Bxd3 21. Nxd5
Bxb1 22. Nxc7 Be4 23. Nxa8 Rxa8 24. Rc3 Na4 25. Rb3 Bd5 26. Re3 Nxb2 27. Rb1
Na4 28. b5 a5 29. Rc1 b6 30. Rc7 Rf8 31. Re1 g6 32. Rec1 h5 33. Rc8 Nh7 34.
Rxf8+ Nxf8 35. Rc8 Kg7 36. Rc7 Kg8 37. Nxf7 e5 38. Nh6+ Kh8 39. fxe5 Ne6 40.
Rd7 Nf4 41. g3 Be6 42. Re7 Nh3+ 43. Kg2 Ng5 44. h4 Bd5+ 45. Kf1 Nh7 46. e6 Nf6
47. Ke2 Nc3+ 48. Ke3 Nxb5 49. Kf4 Nxd4 50. Kg5 Nh7+ 51. Kxg6 Be4+ 52. Kf7 Bc6
53. Rc7 Nxe6 54. Rc8+ Nhf8 55. Rxc6 Nd8+ 56. Kxf8 Nxc6 57. Nf5 Kh7 58. Kf7 Ne5+
59. Kf6 Nc4 60. a4 Nb2 61. Ng7 Nxa4 62. Nxh5 Kh6 63. g4 Nc5 64. g5+ Kh7 65. g6+
Kg8 66. Ng3 Nd7+ 67. Ke6 Nf8+ 68. Kf6 Nd7+ 69. Ke7 Nf8 70. h5 a4 71. Nf5 a3 72.
Nh6+ Kg7 73. Nf5+ Kg8 74. g7 Nh7 75. Ke8 Nf6+ 76. Ke7 Nxh5 77. Ne3 Kxg7 78. Nc2
a2 79. Kd6 Nf4 80. Kc6 Nd3 81. Kxb6 Nc1 82. Kb5 Nd3 83. Ka4 Nb4 84. Kxb4
1/2-1/2

[Event "XXXIII Memorial Edoardo Crespi B"]
[Site "Milano ITA"]
[Date "2012.12.08"]
[Round "5"]
[White "Versari, Marino"]
[Black "Romagnoli, Thomas"]
[WhiteElo "1583"]
[BlackElo "1709"]
[Result "1/2-1/2"]
[PlyCount "112"]
[EventDate "2012.12.05"]

1. d4 d5 2. c4 e6 3. Nc3 Nf6 4. Nf3 Nbd7 5. cxd5 exd5 6. e3 Be7 7. Bd3 O-O 8.
O-O Re8 9. Re1 Bd6 10. a3 Nb6 11. h3 Ne4 12. Qc2 f5 13. Nb5 c6 14. Nxd6 Nxd6
15. b4 Ne4 16. Bb2 Qf6 17. Kh1 g6 18. Bxe4 fxe4 19. Nh2 Rf8 20. Re2 h5 21. Rf1
Bf5 22. Qc1 Nc4 23. Bc3 Qg5 24. f3 Qg3 25. Be1 Qg5 26. f4 Qh6 27. Bh4 Qh7 28.
Rg1 Be6 29. Nf1 Nd6 30. Ng3 a5 31. Qc5 Qc7 32. Rc1 axb4 33. Qxb4 Nc4 34. Ra1
Rf7 35. Nf1 b5 36. Nd2 Ra4 37. Qb3 Qa5 38. Nxc4 Rxc4 39. Be1 Qa4 40. Qxa4 Rxa4
41. Bb4 Rfa7 42. Ree1 Kf7 43. Kh2 Kf6 44. Kg3 g5 45. fxg5+ Kxg5 46. Rf1 Ra8 47.
Bd6 Re8 48. Bf4+ Kg6 49. Be5 Rc4 50. Rf6+ Kh7 51. Bd6 Rc3 52. Re1 Kg7 53. Rf4
Rc4 54. Ref1 Ra4 55. Be5+ Kg8 56. Bd6 Raa8 1/2-1/2

[Event "XXXIII Memorial Edoardo Crespi B"]
[Site "Milano ITA"]
[Date "2012.12.09"]
[Round "6"]
[White "Bianchi, Angelo Massimo"]
[Black "Mazzoccoli, Simone"]
[WhiteElo "1745"]
[BlackElo "1681"]
[Result "1-0"]
[PlyCount "85"]
[EventDate "2012.12.05"]

1. e4 c5 2. Nf3 Nc6 3. d4 cxd4 4. Nxd4 g6 5. Be3 Bg7 6. Be2 Nf6 7. Nc3 O-O 8.
O-O d5 9. Nxc6 bxc6 10. exd5 Nxd5 11. Nxd5 cxd5 12. c3 Rb8 13. Qd2 Qd7 14. Rfd1
e6 15. Rab1 Rd8 16. Bg5 Re8 17. Bh6 Qa4 18. Bxg7 Kxg7 19. Qe3 Ba6 20. Bxa6 Qxa6
21. a3 Qa4 22. Qd4+ Qxd4 23. Rxd4 Rec8 24. Rb4 a5 25. Rxb8 Rxb8 26. b4 axb4 27.
cxb4 Ra8 28. Rb3 Kf6 29. Kf1 Ke5 30. Ke2 Ra7 31. b5 Kd6 32. b6 Ra8 33. a4 Kc6
34. a5 Kb7 35. Ra3 Rc8 36. Kd3 e5 37. f3 f5 38. Rc3 Rxc3+ 39. Kxc3 d4+ 40. Kc4
Kc6 41. f4 d3 42. Kxd3 exf4 43. Kd4 1-0

[Event "XXXIII Memorial Edoardo Crespi B"]
[Site "Milano ITA"]
[Date "2012.12.09"]
[Round "6"]
[White "Bianchi, Paolo"]
[Black "Cerutti, Fabio Maria"]
[WhiteElo "1676"]
[BlackElo "1686"]
[Result "1/2-1/2"]
[PlyCount "70"]
[EventDate "2012.12.05"]

1. Nf3 Nf6 2. d4 g6 3. e3 Bg7 4. c4 c5 5. Be2 O-O 6. O-O e6 7. Nc3 Qe7 8. b3
Rd8 9. Bb2 d5 10. Qc2 b6 11. Rad1 Ba6 12. cxd5 Nxd5 13. Nxd5 Rxd5 14. e4 Rd7
15. dxc5 Bxe2 16. Qxe2 Bxb2 17. Qxb2 Qxc5 18. Rc1 Qf8 19. Rfd1 Qd8 20. Qc2 Na6
21. Ne5 Rd6 22. g3 Nc5 23. b4 Na6 24. Rxd6 Qxd6 25. Qc3 Nxb4 26. Ng4 Nxa2 27.
Nh6+ Kf8 28. Qh8+ Ke7 29. Qxa8 Nxc1 30. Qb7+ Qd7 31. Ng8+ Kd8 32. Qa8+ Qc8 33.
Qxa7 Qc7 34. Qa8+ Qc8 35. Qa7 Qc7 1/2-1/2

[Event "XXXIII Memorial Edoardo Crespi B"]
[Site "Milano ITA"]
[Date "2012.12.09"]
[Round "6"]
[White "Biffi, Roberto"]
[Black "Fantina, Carla"]
[WhiteElo "1691"]
[BlackElo "1451"]
[Result "1-0"]
[PlyCount "79"]
[EventDate "2012.12.05"]

1. d4 Nf6 2. c4 d6 3. Nc3 g6 4. e4 Bg7 5. Be2 O-O 6. Nf3 c6 7. O-O Na6 8. a3
Nc7 9. Rb1 a5 10. Qc2 Re8 11. d5 Bd7 12. Na4 b5 13. Nb6 Rb8 14. Nxd7 Qxd7 15.
Nd4 c5 16. Nc6 b4 17. Nxb8 Rxb8 18. b3 e5 19. axb4 axb4 20. Ra1 Qc8 21. Bd2 h5
22. Ra7 Nce8 23. Rfa1 Ng4 24. R1a5 f5 25. f3 Nh6 26. Qa2 Nc7 27. Qa4 f4 28. Qc6
Ne8 29. Ra8 Nf7 30. Qxc8 Rxc8 31. Rxc8 Kf8 32. Raa8 Bf6 33. Rxe8+ Kg7 34. g3 h4
35. gxf4 exf4 36. Bxf4 Bd4+ 37. Kg2 g5 38. Bd2 Ne5 39. Bxg5 Ng6 40. Ra7+ 1-0

[Event "XXXIII Memorial Edoardo Crespi B"]
[Site "Milano ITA"]
[Date "2012.12.09"]
[Round "6"]
[White "Bonghi, Fabrizio"]
[Black "Vece, Luigi"]
[WhiteElo "1554"]
[BlackElo "1674"]
[Result "0-1"]
[PlyCount "54"]
[EventDate "2012.12.05"]

1. e4 c5 2. f4 Nc6 3. Nf3 d6 4. Bb5 Bd7 5. Nc3 e6 6. O-O a6 7. Bxc6 Bxc6 8. d4
Nf6 9. d5 Bd7 10. e5 Nxd5 11. Nxd5 exd5 12. Qxd5 Bc6 13. Qd2 Be7 14. exd6 Qxd6
15. Qxd6 Bxd6 16. Bd2 O-O 17. Rad1 Rad8 18. b3 Rfe8 19. c4 f6 20. Nh4 g6 21. f5
g5 22. Nf3 Kf7 23. Bxg5 Bxf3 24. Bxf6 Kxf6 25. Rxd6+ Rxd6 26. Rxf3 Rd2 27. g4
Re1+ 0-1

[Event "XXXIII Memorial Edoardo Crespi B"]
[Site "Milano ITA"]
[Date "2012.12.09"]
[Round "6"]
[White "Cagnotto, Marco"]
[Black "Farina, Walter"]
[WhiteElo "1362"]
[BlackElo "1677"]
[Result "1-0"]
[PlyCount "55"]
[EventDate "2012.12.05"]

1. e4 c5 2. Nf3 d6 3. d4 cxd4 4. Nxd4 Nf6 5. Nc3 a6 6. Bc4 e6 7. O-O Be7 8. Nf3
h6 9. e5 Nh7 10. exd6 Bxd6 11. Ne4 Bc7 12. Qxd8+ Bxd8 13. Nd6+ Kd7 14. Nxf7 Rf8
15. Nxd8 Kxd8 16. Rd1+ Ke8 17. Be3 b5 18. Bb3 Nc6 19. Rd6 Nd8 20. Rad1 Ke7 21.
Bc5 Rf6 22. Rxa6+ Kf7 23. Rxa8 Nb7 24. Ne5+ Kg8 25. Rxc8+ Nf8 26. Nd7 Nxc5 27.
Nxf6+ gxf6 28. Rxc5 1-0

[Event "XXXIII Memorial Edoardo Crespi B"]
[Site "Milano ITA"]
[Date "2012.12.09"]
[Round "6"]
[White "Calabrese, Maurizio"]
[Black "Verderame, Alberto"]
[WhiteElo "1528"]
[BlackElo "1421"]
[Result "1-0"]
[PlyCount "110"]
[EventDate "2012.12.05"]

1. e4 d6 2. f4 Nf6 3. Bd3 Bg4 4. Nf3 c6 5. O-O e5 6. Qe1 Nbd7 7. Nc3 Be7 8.
fxe5 Nxe5 9. Nxe5 dxe5 10. Qg3 Qd4+ 11. Qf2 Qxf2+ 12. Kxf2 Bc5+ 13. Kg3 h5 14.
h3 h4+ 15. Kh2 Be6 16. Be2 O-O-O 17. d3 Rdg8 18. Bg5 Nh5 19. Bg4 Bxg4 20. hxg4
f6 21. Bd2 Ng3 22. Rf3 Rf8 23. Be1 Rh7 24. Bxg3 hxg3+ 25. Kxg3 Rfh8 26. Na4 Bd6
27. c4 Bb4 28. Rd1 Rh6 29. a3 Be7 30. Rff1 g6 31. b4 Rg8 32. Rh1 Rxh1 33. Rxh1
f5 34. Rh7 Bd6 35. Nc3 g5 36. gxf5 a5 37. c5 axb4 38. axb4 Bc7 39. Kg4 b6 40.
f6 Rf8 41. f7 Bd8 42. Kf5 Kd7 43. Kxe5 bxc5 44. bxc5 Be7 45. Na4 Kc7 46. d4 Kd7
47. Kf5 Bd8 48. e5 Ke7 49. e6 Ba5 50. Rh3 Be1 51. Rb3 g4 52. Rb7+ Kd8 53. e7+
Kc8 54. exf8=Q+ Kxb7 55. Qe7+ Kb8 1-0

[Event "XXXIII Memorial Edoardo Crespi B"]
[Site "Milano ITA"]
[Date "2012.12.09"]
[Round "6"]
[White "Capostagno, Francesco"]
[Black "Colica, Daniele"]
[WhiteElo "1587"]
[BlackElo "1713"]
[Result "1-0"]
[PlyCount "89"]
[EventDate "2012.12.05"]

1. c4 Nf6 2. Nc3 e5 3. g3 Nc6 4. Bg2 g6 5. Nf3 Bg7 6. d3 d6 7. Bg5 h6 8. Bxf6
Bxf6 9. Nd5 Bg7 10. O-O O-O 11. Rb1 Ne7 12. b4 c6 13. Nxe7+ Qxe7 14. Nd2 Be6
15. b5 d5 16. bxc6 bxc6 17. Qa4 Qg5 18. Nf3 Qh5 19. e3 Bh3 20. Qxc6 Bxg2 21.
Kxg2 dxc4 22. dxc4 Rac8 23. Qe4 g5 24. Rfd1 f5 25. Qd5+ Kh8 26. Nxe5 Rcd8 27.
Nf7+ Rxf7 28. Qxd8+ Rf8 29. Qd7 f4 30. exf4 gxf4 31. Rb7 Rg8 32. Rd5 Qe2 33.
Rf5 Qe4+ 34. Kh3 Qxc4 35. Qd5 Qe2 36. Rxf4 Qf1+ 37. Qg2 Qa6 38. Rff7 Qe6+ 39.
g4 h5 40. Qg3 a5 41. Qh4 Rc8 42. Qxh5+ Bh6 43. Rh7+ Kg8 44. Rxh6 Rc3+ 45. Kh4
1-0

[Event "XXXIII Memorial Edoardo Crespi B"]
[Site "Milano ITA"]
[Date "2012.12.09"]
[Round "6"]
[White "Casamassima, Paolo"]
[Black "Valdettaro, Filippo"]
[WhiteElo "1657"]
[BlackElo "1708"]
[Result "1/2-1/2"]
[PlyCount "99"]
[EventDate "2012.12.05"]

1. e4 e6 2. Nf3 d5 3. exd5 exd5 4. d4 Bd6 5. Nc3 c6 6. Bd3 Nf6 7. Bg5 O-O 8.
O-O Bg4 9. h3 Bh5 10. Be2 Nbd7 11. Ne5 Bxe2 12. Qxe2 Qb6 13. Nxd7 Nxd7 14. Qd3
h6 15. Bh4 g5 16. Bg3 Bxg3 17. fxg3 Ne5 18. Na4 Nxd3 19. Nxb6 axb6 20. cxd3 Ra4
21. Rf6 Kg7 22. Raf1 Rxd4 23. R1f3 Rxd3 24. Rd6 Rxf3 25. gxf3 f6 26. Kf2 Rf7
27. Ke3 Kg6 28. g4 Re7+ 29. Kd2 Rf7 30. b4 b5 31. Kd3 h5 32. Kd4 hxg4 33. hxg4
Re7 34. a3 Kg7 35. Rd8 Kf7 36. Kc5 Ke6 37. Kd4 Rd7 38. Re8+ Kf7 39. Rh8 Ke7 40.
Rh7+ Ke6 41. Rh8 Kd6 42. Rh6 Rf7 43. Rh8 Kc7 44. Kc5 Rd7 45. Kd4 b6 46. Rf8 Rd6
47. Rf7+ Kc8 48. Rf8+ Kb7 49. Rf7+ Ka6 50. Rf8 1/2-1/2

[Event "XXXIII Memorial Edoardo Crespi B"]
[Site "Milano ITA"]
[Date "2012.12.09"]
[Round "6"]
[White "Casati, Ivan Mario"]
[Black "Lipari, Alberto"]
[WhiteElo "1418"]
[BlackElo "1604"]
[Result "0-1"]
[PlyCount "36"]
[EventDate "2012.12.05"]

1. d4 g6 2. c4 Bg7 3. Nc3 d6 4. Nf3 Nf6 5. Bg5 O-O 6. e3 Bg4 7. Be2 Nbd7 8. O-O
Re8 9. Re1 e5 10. d5 Qc8 11. Nd2 Nc5 12. b4 Na6 13. b5 Nc5 14. h3 Bxe2 15. Qxe2
e4 16. Rac1 Nd3 17. Ncxe4 Nxc1 18. Rxc1 Nxe4 0-1

[Event "XXXIII Memorial Edoardo Crespi B"]
[Site "Milano ITA"]
[Date "2012.12.09"]
[Round "6"]
[White "Confalonieri, Luca"]
[Black "Torelli, Mauro"]
[WhiteElo "1607"]
[BlackElo "1728"]
[Result "0-1"]
[PlyCount "86"]
[EventDate "2012.12.05"]

1. e4 g6 2. d4 Bg7 3. Nf3 d6 4. Nc3 a6 5. Bc4 e6 6. Bb3 b5 7. a3 Bb7 8. Qd3 Nd7
9. d5 Nc5 10. Qe3 Nxb3 11. cxb3 e5 12. Qe2 Qd7 13. Be3 Ne7 14. Nd2 O-O 15. O-O
f5 16. f3 Rf7 17. Nd1 Raf8 18. Nf2 f4 19. Nh3 fxe3 20. Qxe3 c6 21. Ng5 Bh6 22.
h4 cxd5 23. Qe2 Bxg5 24. hxg5 dxe4 25. Nxe4 Bxe4 26. Qxe4 Nf5 27. Kh2 Qa7 28.
Rac1 Qd4 29. Qe1 Qh4+ 30. Qxh4 Nxh4 31. Rc6 e4 32. f4 Rd8 33. Kh3 Nf5 34. Rxa6
e3 35. a4 e2 36. Re1 Nd4 37. axb5 Re7 38. b6 Nc2 39. Rxe2 Rxe2 40. b7 Ree8 41.
Rc6 Nd4 42. Rc3 Rb8 43. Rd3 Nb5 0-1

[Event "XXXIII Memorial Edoardo Crespi B"]
[Site "Milano ITA"]
[Date "2012.12.09"]
[Round "6"]
[White "Corti, Filippo"]
[Black "Condorelli, Roberto"]
[WhiteElo "1649"]
[BlackElo "1725"]
[Result "0-1"]
[PlyCount "68"]
[EventDate "2012.12.05"]

1. Nf3 Nf6 2. g3 d5 3. Bg2 c6 4. d3 Bg4 5. Ne5 Bh5 6. O-O Nbd7 7. Nxd7 Qxd7 8.
c4 dxc4 9. d4 Rd8 10. Nc3 Qxd4 11. Qxd4 Rxd4 12. Be3 e5 13. Bxd4 exd4 14. Ne4
Nxe4 15. Bxe4 Be7 16. f3 Bg5 17. f4 Bf6 18. Bf5 Bg6 19. Bxg6 hxg6 20. Rac1 b5
21. Kg2 O-O 22. Rf3 Rd8 23. Ra3 d3 24. Rxa7 Bxb2 25. Rd1 d2 26. Rc7 Rd6 27. e4
c3 28. e5 Re6 29. Rd7 c2 30. R1xd2 c1=Q 31. Rd8+ Kh7 32. R2d7 Qc2+ 33. Kh3 Qf5+
34. Kg2 Re8 0-1

[Event "XXXIII Memorial Edoardo Crespi B"]
[Site "Milano ITA"]
[Date "2012.12.09"]
[Round "6"]
[White "Donadi, Luca"]
[Black "Baccarin, Stefano"]
[WhiteElo "1689"]
[BlackElo "1701"]
[Result "1-0"]
[PlyCount "83"]
[EventDate "2012.12.05"]

1. e4 c5 2. Ne2 Nc6 3. g3 g6 4. Bg2 Bg7 5. O-O e6 6. d3 Nge7 7. Nbc3 O-O 8. Bg5
f6 9. Be3 d6 10. d4 cxd4 11. Nxd4 Nxd4 12. Bxd4 Nc6 13. Ne2 Qc7 14. c3 Na5 15.
Rc1 Bd7 16. b3 a6 17. Qd2 Nc6 18. Rfd1 Rad8 19. Qe3 Qb8 20. Bb6 Rde8 21. Qd3 d5
22. exd5 Ne5 23. Qc2 exd5 24. Bxd5+ Be6 25. Bg2 Bf5 26. Qd2 Nd3 27. Ra1 Qe5 28.
Nd4 Nc5 29. Nxf5 Qxf5 30. Bd5+ Ne6 31. Re1 Kh8 32. Bxe6 Rxe6 33. Rxe6 Qxe6 34.
Be3 f5 35. Rd1 h5 36. c4 Bf6 37. Qd6 Qf7 38. Qd7 Qxd7 39. Rxd7 Rd8 40. Rxb7
Rd1+ 41. Kg2 Bd4 42. Rd7 1-0

[Event "XXXIII Memorial Edoardo Crespi B"]
[Site "Milano ITA"]
[Date "2012.12.09"]
[Round "6"]
[White "Figini, Vittorio"]
[Black "Picasso, Marco Francesco"]
[WhiteElo "1531"]
[BlackElo "1520"]
[Result "0-1"]
[PlyCount "104"]
[EventDate "2012.12.05"]

1. e4 c6 2. Nf3 d5 3. e5 Bf5 4. d4 e6 5. Nc3 Bb4 6. Bd2 Nd7 7. Be2 Ne7 8. O-O
O-O 9. g3 c5 10. a3 Ba5 11. Nh4 cxd4 12. Nb5 Bxd2 13. Qxd2 Nxe5 14. Nxd4 Nc4
15. Qc1 Bh3 16. Rd1 Qb6 17. b3 Ne5 18. Nhf3 Nxf3+ 19. Nxf3 Bf5 20. Ne5 Qc7 21.
f4 Qc5+ 22. Kg2 Be4+ 23. Bf3 Bxf3+ 24. Kxf3 Rfd8 25. Ra2 Nf5 26. Rd3 f6 27. Ng4
Nd4+ 28. Kg2 Re8 29. Qd1 Nf5 30. c3 h5 31. Nxf6+ gxf6 32. Qxh5 Ng7 33. Qg6 f5
34. g4 Qc6 35. gxf5 exf5 36. Qg5 d4+ 37. Kh3 Re3+ 38. Rxe3 dxe3 39. Rg2 Qd7 40.
Qg3 Re8 41. Re2 Qf7 42. Kg2 Qxb3 43. Rxe3 Rxe3 44. Qxe3 Qxa3 45. h4 b6 46. Qg3
Qa2+ 47. Kh3 Qf7 48. Qg5 Qh5 49. Qd8+ Kh7 50. Qg5 Qxg5 51. hxg5 Kg6 52. Kg3 a5
0-1

[Event "XXXIII Memorial Edoardo Crespi B"]
[Site "Milano ITA"]
[Date "2012.12.09"]
[Round "6"]
[White "Gonella, Graziano"]
[Black "Rosini, Luca Ungaro"]
[WhiteElo "1202"]
[BlackElo "1392"]
[Result "1/2-1/2"]
[PlyCount "151"]
[EventDate "2012.12.05"]

1. e4 d5 2. exd5 Qxd5 3. Nc3 Qa5 4. d4 c6 5. Bd2 Qc7 6. Nf3 Nf6 7. Bc4 Bg4 8.
Qe2 e6 9. O-O-O Nbd7 10. Kb1 O-O-O 11. Be3 Bb4 12. Bd2 Nb6 13. Be3 Bxf3 14.
gxf3 Bxc3 15. bxc3 Nxc4 16. Qxc4 Rhe8 17. Qd3 Rd5 18. Bc1 Qb6+ 19. Ka1 Red8 20.
Bb2 a5 21. Rb1 Qa7 22. Rhd1 b5 23. c4 bxc4 24. Qxc4 Kc7 25. c3 Rb5 26. a4 Rb7
27. Ba3 Rdb8 28. Rxb7+ Qxb7 29. Qa2 Qb3 30. Rc1 Qd5 31. Qe2 Nd7 32. Rb1 Rxb1+
33. Kxb1 Qb3+ 34. Qb2 Qxa4 35. Qa2 Qd1+ 36. Bc1 Qd3+ 37. Ka1 Qxc3+ 38. Bb2 Qb4
39. Bc3 Qb5 40. Bxa5+ Nb6 41. Qd2 Kd7 42. Bc3 Qa4+ 43. Kb1 Qb3+ 44. Qb2 Qxb2+
45. Bxb2 g6 46. Kc2 Kd6 47. Kd3 f5 48. Ba3+ Kd5 49. Bc5 Nd7 50. Ba3 c5 51. dxc5
Nxc5+ 52. Ke2 e5 53. Bc1 Nb3 54. Bh6 f4 55. Kf1 Nd4 56. Kg2 Nf5 57. Bf8 e4 58.
fxe4+ Kxe4 59. Ba3 g5 60. Bc1 h5 61. f3+ Ke5 62. Bb2+ Ke6 63. Ba1 Kf7 64. Bb2
Kg6 65. Be5 Nh4+ 66. Kf2 Kf5 67. Ba1 g4 68. fxg4+ hxg4 69. Bd4 Nf3 70. Ba7 Nxh2
71. Kg2 g3 72. Bb6 Kg4 73. Kg1 Kh3 74. Bf2 gxf2+ 75. Kxf2 Nf1 76. Kf3 1/2-1/2

[Event "XXXIII Memorial Edoardo Crespi B"]
[Site "Milano ITA"]
[Date "2012.12.09"]
[Round "6"]
[White "Grudina, Marco"]
[Black "Ricciardi, Arcangelo"]
[WhiteElo "1796"]
[BlackElo "1691"]
[Result "1/2-1/2"]
[PlyCount "94"]
[EventDate "2012.12.05"]

1. e4 e5 2. Nf3 Nc6 3. Bc4 Bc5 4. c3 Nf6 5. d4 exd4 6. cxd4 Bb4+ 7. Bd2 Qe7 8.
e5 Ne4 9. O-O Nxd2 10. Nbxd2 O-O 11. a3 Ba5 12. b4 Bb6 13. Nb3 d6 14. h3 dxe5
15. d5 Nd4 16. Nbxd4 exd4 17. Qd3 Qf6 18. Qe4 Bf5 19. Qf4 Rfe8 20. Rfe1 d3 21.
g4 Re2 22. Qxf5 Rxf2 23. Qxf6 Rxf3+ 24. Kh1 Rxf6 25. Bxd3 Rf3 26. Bf1 f5 27.
Bg2 Rf2 28. gxf5 Rxf5 29. Re7 Kf8 30. d6 cxd6 31. Rxb7 Rc8 32. Rd7 Rd8 33. Rb7
d5 34. a4 Be3 35. b5 h5 36. a5 g5 37. b6 Ra8 38. Rh7 Kg8 39. b7 Rb8 40. Rc7 Bf4
41. Rc8+ Kg7 42. a6 Rf8 43. Rxb8 Bxb8 44. Bxd5 Rd8 45. Bg2 Kf7 46. Kg1 Kf6 47.
Rc1 Ke7 1/2-1/2

[Event "XXXIII Memorial Edoardo Crespi B"]
[Site "Milano ITA"]
[Date "2012.12.09"]
[Round "6"]
[White "Izzo, Riccardo"]
[Black "Spelta, Andrea"]
[WhiteElo "1653"]
[BlackElo "1744"]
[Result "1/2-1/2"]
[PlyCount "114"]
[EventDate "2012.12.05"]

1. d4 b6 2. e4 Bb7 3. Nc3 e6 4. Nf3 Bb4 5. Bd3 Nf6 6. Bg5 h6 7. Bxf6 Qxf6 8.
O-O Bxc3 9. bxc3 O-O 10. c4 d6 11. d5 Nd7 12. Nd2 e5 13. Nb3 Rfe8 14. Qg4 Bc8
15. f4 Qe7 16. f5 Nf6 17. Qe2 Nd7 18. Rf3 Kf8 19. Qe3 Qf6 20. Raf1 Nc5 21. Nxc5
bxc5 22. Qf2 Rb8 23. h4 Ke7 24. g4 Rh8 25. Qg3 Kd7 26. g5 hxg5 27. Qxg5 Qxg5+
28. hxg5 Ba6 29. c3 Rb2 30. R3f2 Rxf2 31. Rxf2 Rh3 32. Rd2 Rg3+ 33. Kf2 Rxg5
34. Be2 Ke7 35. Rb2 g6 36. fxg6 Rxg6 37. Rb8 Kd7 38. Ra8 Bb7 39. Rxa7 Kc8 40.
Ra3 c6 41. Rb3 Rh6 42. Ke3 Rh1 43. Kd2 Ra1 44. Rb2 Kc7 45. Bd1 cxd5 46. cxd5
Ba6 47. Be2 Bxe2 48. Kxe2 Rh1 49. Kd3 Rh3+ 50. Kc4 Re3 51. Kb5 Rxc3 52. Rf2 Ra3
53. Rxf7+ Kd8 54. Rf2 Kd7 55. Rh2 Ke7 56. Rh7+ Kd8 57. Rh2 Ke7 1/2-1/2